| 000 | 00802nam a2200253Ma 4500 | ||
|---|---|---|---|
| 999 |
_c9369 _d9369 |
||
| 001 | 61219456 | ||
| 003 | OCoLC | ||
| 005 | 20210112173020.0 | ||
| 008 | 050805s2005 enk 001 0 eng d | ||
| 020 | _a1854246755 (UK) | ||
| 020 | _a0825460905 (US) | ||
| 040 |
_aEQO _cEQO _dUKM _dBAKER |
||
| 092 |
_a261.27 _bM987K |
||
| 100 | 1 | _aMusk, Bill A | |
| 245 | 1 | 0 |
_aKissing cousins : _bChristians and Muslims face to face ; in a world marred by religious conflict, can Christians and Muslims discover more positive views of one another? / _cBill Musk |
| 260 |
_aOxford : _bMonarch, _c2005 |
||
| 300 |
_a480 p. ; _c22 cm |
||
| 504 | _aIncludes bibliographical references and index | ||
| 650 | 0 | _aChristians | |
| 650 | 0 | _aMuslims | |
| 650 | 0 | _aSocial conflict | |
| 650 | 0 | _aPositivism | |
| 942 |
_2ddc _cBK |
||